Missione come aiuto scambievole fra le chiese (La) (Record n. 64297)

Dettagli MARC
000 -LEADER
fixed length control field 00982nam a2200301Ia 4500
001 - CONTROL NUMBER
control field A8174
003 - CONTROL NUMBER IDENTIFIER
control field IT-RoPAU
008 - FIXED-LENGTH DATA ELEMENTS--GENERAL INFORMATION
fixed length control field 130308s9999 xx 000 0 und d
040 ## - CATALOGING SOURCE
Original cataloging agency IT-RoPAU
040 ## - CATALOGING SOURCE
Transcribing agency IT-RoPAU
041 ## - LANGUAGE CODE
Language code of text/sound track or separate title ITALIANO
999 ## - SYSTEM CONTROL NUMBERS (KOHA)
Koha Dewey Subclass [OBSOLETE] SI
100 ## - MAIN ENTRY--PERSONAL NAME
Personal name Lopez Gay Jesus
100 ## - MAIN ENTRY--PERSONAL NAME
Miscellaneous information Codice Aut. SPICS: 36402
245 ## - TITLE STATEMENT
Title Missione come aiuto scambievole fra le chiese (La)
245 ## - TITLE STATEMENT
Remainder of title Chiesa locale e inculturazione nella Missione
250 ## - EDITION STATEMENT
Edition statement 1a ed.
260 ## - PUBLICATION, DISTRIBUTION, ETC. (IMPRINT)
Place of publication, distribution, etc. BOLOGNA
260 ## - PUBLICATION, DISTRIBUTION, ETC. (IMPRINT)
Name of publisher, distributor, etc. Editrice Missionaria Italiana
260 ## - PUBLICATION, DISTRIBUTION, ETC. (IMPRINT)
Date of publication, distribution, etc. 1987 [1° Ed.:1987 - Ed.Ling.Originale:1987]
300 ## - PHYSICAL DESCRIPTION
Extent "24 p. (prefazione: no ; testo: 24 [pagine: 9-32])"
500 ## - GENERAL NOTE
General note Responsabilità missionaria della Chiesa Particolare. Mediante la Missioneci Mettiamo al Servizio di una Chiesa Particolare. missione Come Arricchimento delle Chiese.
650 ## - SUBJECT ADDED ENTRY--TOPICAL TERM
Topical term or geographic name as entry element PASTORALE E CULTURE
650 ## - SUBJECT ADDED ENTRY--TOPICAL TERM
Relator term Codice materia Spics: 9302
942 ## - ADDED ENTRY ELEMENTS (KOHA)
Koha item type LIBRO
957 ## -
-- 1
999 ## - SYSTEM CONTROL NUMBERS (KOHA)
-- 1
Dati di copia
Withdrawn status Lost status Damaged status Not for loan Home library Current library Date acquired Total Checkouts Full call number Date last seen Price effective from Koha item type Public note
    Buone Condizioni Not For Loan SPICS-MEDIATECA SPICS-MEDIATECA 08/03/2013   A8174 08/03/2013 08/03/2013 LIBRO Progressivo inserimento: 59092 / N. Volumi: 0 [=Contributo] Copie: 1 Copia Rara: SI / data import: 1 marzo 2013 - By Epidotti, Trombetti, Vaglietti.
CREDITS: SOCIETA' SAN PAOLO Via A.Severo, 58 - ROMA (RM) & PERIODICI SAN PAOLO SRL Via Giotto, 36 MILANO & CISF Via Giotto, 36 MILANO & EDIZIONI SAN PAOLO SRL,  Piazza Soncino, 5 CINISELLO BALSAMO (MI) -- ITALY